Culture Générale - Série 1023 - Statistiques

Statistiques générales
  • Ce quiz a été pris 112 fois
  • Le résultat moyen est 5 sur 10
Statistiques - réponses
Question Réponse % Correct
De quelle langue est originaire le mot "fiasco", qui désigne un échec retentissant ? italien
91%
Comment appelle-t-on spécifiquement les déchets en poussière d'une matière que l'on scie ? sciure
79%
Dans quelle ville est né l'industriel et chimiste suédois : Alfred Nobel ? Stockholm
71%
D'une chose fascinante mais trompeuse, on dit que c'est un miroir aux... alouettes
68%
Quel était le prénom de la comédienne surnommée "La Maillan" ? Jacqueline
68%
Dans quel pays le fleuve Amazone prend-il sa source ? Pérou
67%
Quel oiseau palmipède, symbole de l'amour paternel, emmagasine dans son bec la nourriture de ses petits ? pélican
62%
Quelle tragédie de Racine de 1670 met en scène trois personnages parmi lesquels Antiochus ? Bérénice
17%
Dans quel pays peut-on admirer l'"Étoile d'Afrique du Sud", l'un des plus gros diamants taillés du monde ? Grande-Bretagne
12%
Selon l'étymologie du nom, quelle branche de la biologie s'occupe exclusivement de l'étude des cellules ? cytologie
10%
Aucun quiz correspondant
Distribution des résultats
% des personnes avec chaque résultat
Percentile par nombre de réponses
Votre historique - résultats
Vous n’avez pas pris ce quiz